| 000 | 00806nam a22002537a 4500 | ||
|---|---|---|---|
| 999 |
_c15020 _d15020 |
||
| 003 | AR-CdUCM | ||
| 008 | 190425b ||||| |||| 00| 0 spa d | ||
| 020 | _a978-968-16-8534-8 | ||
| 040 |
_aMUNICIPALIDAD PROVINCIAL DEL CUSCO _cBIBLIOTECA MUNICIPAL DEL CUSCO |
||
| 041 | _heng | ||
| 082 |
_aPI / 808.06 / _bW57 |
||
| 100 |
_aWillis, Jeanne _934025 |
||
| 245 | _a¡Ves al revéz! / | ||
| 260 |
_aMéxico : _bFondo de Cultura Económica, _c2008. |
||
| 300 |
_bilustraciones, _c21 cm. |
||
| 440 |
_aLos Primerisimos. _926874 |
||
| 650 |
_aCuentos infantiles _93927 |
||
| 650 |
_aLiteratura infantil _9588 |
||
| 650 |
_aSiglo XXI _92856 |
||
| 700 |
_aMartínez Jiménez, Gabriel (traducción) _934026 |
||
| 700 |
_aRoss, Tony (ilustración) _934027 |
||
| 942 |
_2ddc _cLIBROS |
||
| 945 |
_aachl _d2019-04-25 |
||